| 000 | 007310000a22002050004500 | ||
|---|---|---|---|
| 090 |
_aAR _b04001 |
||
| 245 | 1 | 0 |
_aGamma diversity _sderived from and a determinant of alpha diversity and beta diversity. An analysis of three tropical landscapes |
| 500 | _a<Charlas sobre biodiversidad del Dr. Halffter> | ||
| 650 | 1 | 4 |
_aEcología del paisaje _992227 |
| 650 | 1 | 4 |
_aRiqueza de especies _93326 |
| 650 | 1 | 4 |
_aPaisajes antropizados _997840 |
| 650 | 1 | 4 |
_aFragmentación del paisaje _996483 |
| 651 | 4 |
_dVeracruz _pMéxico _992749 |
|
| 653 | _fScarabaeoidea | ||
| 041 | 0 | _aInglés | |
| 700 | 1 |
_aHalffter, Gonzalo _910302 |
|
| 100 | 1 |
_aArellano, Lucrecia _996890 |
|
| 942 | _cARTICULO | ||
| 773 | 1 |
_tActa Zoológica Mexicana _q27-76 _d2003 _g90 |
|
| 999 |
_c13034 _d13034 |
||